000 00706nam a2200289Ia 4500
005 20260324111530.0
008 008 260324s9999 xx 000 0 eng d
020 _a9781003439325
037 _aEBOOK
040 _aCRL
040 _beng
040 _cCRL
041 _2eng
041 _aeng
084 _qCRL
100 _aEsmat Zaidan; Imad Antoine Ibrahim; Elie Azar
_91138954
245 0 _aSmart Cities to Smart Societies
245 0 _bMoving Beyond Technology
260 _bTaylor and Francis
260 _c2025
365 _a
365 _b230
856 _uhttp://www.taylorfrancis.com/books/9781003439325
942 _cEBOOK
999 _c1727815
_d1727815